[Event "Buenos Aires ol (Men)"]
[Site "Buenos Aires ARG"]
[Date "1978.??.??"]
[Round "11"]
[White "Parma, Bruno"]
[Black "Suba, Mihai"]
[Result "1/2-1/2"]
[WhiteElo "2540"]
[BlackElo "2430"]
[PlyCount "57"]
[EventDate "1978.10.25"]
[Source "www.chesslib.no"]
[SourceDate "2004.05.04"]

1. e4 Nf6 2. e5 Nd5 3. d4 d6 4. Nf3 c6 5. c4 Nc7 6. Be2 Bg4 7. Ng5 Bxe2 8. Qxe2 dxe5 9. dxe5 h6 10. Nf3 Ne6 11. O-O Nd7 12. Nc3 g5 13. Re1 Bg7 14. h3 Qc7 15. Bd2 Rd8 16. Rad1 O-O 17. b4 a5 18. a3 axb4 19. axb4 Rfe8 20. Qe4 Ndf8 21. h4 gxh4 22. Qxh4 Ng6 23. Qh5 Rd3 24. Rc1 Rxd2 25. Nxd2 Nxe5 26. Qf5 Rd8 27. Nf3 Nd4 28. Nxd4 Rxd4 29. Re4 1/2-1/2

[Event "XXIV ECC"]
[Site "Kallithea GRE"]
[Date "2008.10.21"]
[Round "5"]
[White "Brkic, A."]
[Black "Karttunen, M."]
[Result "1-0"]
[WhiteElo "2558"]
[BlackElo "2411"]
[PlyCount "55"]
[EventDate "2008.10.17"]
[Source "www.chesslib.no"]
[SourceDate "2004.05.04"]

1. e4 Nf6 2. e5 Nd5 3. d4 d6 4. Nf3 c6 5. Be2 dxe5 6. Nxe5 Nd7 7. Nf3 g6 8. O-O Bg7 9. c4 Nc7 10. Nc3 O-O 11. Bg5 b6 12. Qd2 Re8 13. Rad1 Nf8 14. Qe3 f6 15. Bf4 Bb7 16. h4 Qc8 17. Rfe1 Nce6 18. Bg3 Nd8 19. c5 Ba6 20. d5 Bxe2 21. Rxe2 bxc5 22. d6 e5 23. Qxc5 Nd7 24. Qc4+ Ne6 25. Na4 c5 26. Bxe5 Kh8 27. Bg3 Qc6 28. b3 1-0

[Event "Dieren op"]
[Site "Dieren"]
[Date "2000.07.27"]
[Round "9"]
[White "Meijers, Viesturs"]
[Black "Zilberman, Yaacov"]
[Result "1/2-1/2"]
[WhiteElo "2478"]
[BlackElo "2488"]
[PlyCount "81"]
[EventDate "2000.07.18"]
[Source "ChessBase"]
[SourceDate "2000.09.14"]

1. e4 Nf6 2. e5 Nd5 3. d4 d6 4. Nf3 c6 5. Be2 dxe5 6. Nxe5 Nd7 7. O-O Nxe5 8. dxe5 Bf5 9. a3 e6 10. c4 Nb6 11. Be3 Be7 12. Nc3 O-O 13. f4 Qxd1 14. Raxd1 Rfd8 15. g4 Bc2 16. Rc1 Bd3 17. Bxd3 Rxd3 18. Bxb6 axb6 19. Rcd1 Rad8 20. Rxd3 Rxd3 21. Rd1 Rf3 22. Rd4 g5 23. Kg2 Re3 24. Rd7 Kf8 25. fxg5 Rxe5 26. h4 Rc5 27. Rxb7 Rxc4 28. Kf3 Bxa3 29. Ne4 Bxb2 30. Rxb6 Be5 31. h5 Kg7 32. Ra6 Rb4 33. Rxc6 Rb3+ 34. Kg2 Bf4 35. Rc8 Rb8 36. Rxb8 Bxb8 37. Kf3 Be5 38. Ke3 Bb2 39. Kf3 Bc1 40. Kg3 Be3 41. Kf3 1/2-1/2

[Event "Majdanpek"]
[Site "Majdanpek"]
[Date "1976.??.??"]
[Round "8"]
[White "Matulovic, Milan"]
[Black "Knezevic, Milorad"]
[Result "1-0"]
[WhiteElo "2505"]
[BlackElo "2460"]
[PlyCount "84"]
[EventDate "1976.01.??"]
[Source "ChessBase"]

1. e4 Nf6 2. e5 Nd5 3. d4 d6 4. Nf3 c6 5. h3 dxe5 6. dxe5 g6 7. Bc4 Bg7 8. Qe2 O-O 9. O-O Na6 10. Bxa6 bxa6 11. c4 Nc7 12. Rd1 Qe8 13. Nc3 Ne6 14. Be3 f6 15. exf6 exf6 16. Nd4 Nxd4 17. Bxd4 Qf7 18. Re1 Bf5 19. b3 Rad8 20. Rad1 Rfe8 21. Be3 Rxd1 22. Rxd1 Bh6 23. Qf3 Bxe3 24. fxe3 Qe7 25. Kf2 Kg7 26. Qf4 h5 27. e4 Be6 28. Qd6 Qb7 29. Na4 Kf7 30. Kg1 Qc8 31. Nc5 Re7 32. Kh2 Re8 33. Qf4 Rd8 34. Rf1 Qb8 35. Qxb8 Rxb8 36. e5 Bf5 37. g4 hxg4 38. hxg4 Bxg4 39. Rxf6+ Kg7 40. Rxc6 Rc8 41. Ne6+ Bxe6 42. Rxe6 a5 1-0

[Event "It (Men) Alushta UKR"]
[Site "?"]
[Date "2005.10.03"]
[Round "11"]
[White "Zinchenko Yaroslav"]
[Black "Sergeev Vlastimil Stepanovi"]
[Result "1/2-1/2"]
[WhiteElo "2493"]
[BlackElo "2472"]
[PlyCount "27"]
[EventDate "2005.??.??"]
[Source "www.chesslib.no"]
[SourceDate "2004.05.04"]

1. e4 Nf6 2. e5 Nd5 3. d4 d6 4. Nf3 c6 5. Be2 dxe5 6. Nxe5 Bf5 7. O-O Nd7 8. Nf3 e6 9. c4 N5f6 10. Nc3 Ne4 11. Nxe4 Bxe4 12. Ng5 Bg6 13. d5 e5 14. Bd3 1/2-1/2

[Event "Corr"]
[Site "?"]
[Date "2002.06.15"]
[Round "?"]
[White "Lorentzen Oystein (NOR)"]
[Black "Marcinkiewicz Aleksander (POL"]
[Result "1-0"]
[WhiteElo "2509"]
[BlackElo "2454"]
[PlyCount "137"]
[EventDate "2002.??.??"]
[Source "www.chesslib.no"]
[SourceDate "2004.05.04"]

1. e4 Nf6 2. e5 Nd5 3. d4 d6 4. Nf3 Nc6 5. Bb5 a6 6. Bxc6+ bxc6 7. O-O Bg4 8. h3 Bh5 9. e6 fxe6 10. Re1 Qd7 11. c4 Nf6 12. Nc3 h6 13. Qd3 g5 14. Ne2 Bg7 15. Ng3 Bf7 16. Bd2 O-O 17. Rad1 Nh5 18. Ne2 c5 19. dxc5 e5 20. Nc3 Rad8 21. b3 Nf6 22. Bc1 Bh5 23. Ba3 Qc6 24. Qe3 Bxf3 25. Qxf3 Qxf3 26. gxf3 Kf7 27. Bb4 Ke6 28. Ba5 Ne8 29. Rd3 Kd7 30. Ne4 Ra8 31. Kg2 Rf7 32. Red1 Bf8 33. Bc3 Kc6 34. b4 Ng7 35. a4 Ne6 36. Bd2 Kd7 37. Be3 Kc8 38. b5 axb5 39. axb5 Nf4+ 40. Bxf4 Rxf4 41. Rb1 Kb7 42. Rdd1 e6 43. cxd6 cxd6 44. Nxd6+ Bxd6 45. Rxd6 Rxc4 46. Rxe6 Ra2 47. Rxh6 Rcc2 48. Rf1 Rab2 49. Rg6 Rxb5 50. Rxg5 Kc6 51. h4 Kd6 52. h5 Ke6 53. f4 Rc4 54. fxe5 Rxe5 55. Rxe5+ Kxe5 56. Rh1 Rc7 57. h6 Rh7 58. Kg3 Kf6 59. Kg4 Kf7 60. f4 Kg8 61. f5 Ra7 62. Rf1 Ra2 63. Rf4 Ra1 64. Kg5 Rh1 65. Rh4 Rg1+ 66. Rg4 Rh1 67. Kg6 Kh8 68. f6 Rxh6+ 69. Kf5 1-0

[Event "Bucharest Astral op"]
[Site "Bucharest"]
[Date "2001.04.26"]
[Round "6"]
[White "Istratescu, Andrei"]
[Black "Grunberg, Mihai"]
[Result "1-0"]
[WhiteElo "2561"]
[BlackElo "2400"]
[PlyCount "52"]
[EventDate "2001.04.22"]
[Source "ChessBase"]
[SourceDate "2001.07.03"]

1. e4 Nf6 2. e5 Nd5 3. d4 d6 4. Nf3 c6 5. Be2 Nd7 6. O-O dxe5 7. dxe5 Nc5 8. c4 Nc7 9. Qxd8+ Kxd8 10. Ng5 Ke8 11. Be3 N5e6 12. Nxe6 Bxe6 13. f4 g6 14. Nc3 Bg7 15. Ne4 Na6 16. Rad1 Bf5 17. Ng3 e6 18. Nxf5 gxf5 19. Rd2 Bf8 20. Rfd1 Bb4 21. Rd7 Bc5 22. Kf2 Bxe3+ 23. Kxe3 Nc5 24. Rc7 Rb8 25. Bh5 Rf8 26. Rd6 Rd8 1-0